Sports Quiz

Random Sports or NFL Quiz
Score 0/10 Timer 04:00
16 Plays Today
Hint Answer % Correct
2004Eli Manning
99.1%
2009Matthew Stafford
95.2%
2001Michael Vick
94.8%
2007JaMarcus Russell
84.3%
2005Alex Smith
81.7%
2002David Carr
80.3%
2003Carson Palmer
76.3%
2008Jake Long
66.5%
2006Mario Williams
60.4%
2000Courtney Brown
38.8%
Remove Ads.
Support Sporcle.
Get the best of Sporcle when you Go Orange. This ad-free experience offers more features, more stats, and more fun while also helping to support Sporcle. Thank you for becoming a member.

You're not logged in!

Compare scores with friends on all Sporcle quizzes.
OR
Log In

Show Comments

Extras

Top Quizzes Today


Score Distribution

Your Account Isn't Verified!

In order to create a playlist on Sporcle, you need to verify the email address you used during registration. Go to your Sporcle Settings to finish the process.

Report this User

Report this user for behavior that violates our Community Guidelines.

Details: